Dobré riešenia sa nedajú vysypať z rukáva

Podrobná bibliografia
Hlavní autori: Bohunický, Milan (Autor, Tazateľ), Medelská, Viera, 1930-2008 (Autor)
Médium: Článok
Jazyk:slovenčina
Fyzický popis:Fotogr.
ISSN:1335-0846
Predmet:

MARC

LEADER 00000nab a2200000 a 4500
001 vtls009296114
003 SK-MaSNL
005 20260304151234.0
008 250506c2008 xo |||||||||||000 b|slo
015 |a SNBRB2008/05  |2 snkbucl 
035 |a (uuid)68b6198b-7e73-47bd-9f19-8fa118b2c81d 
035 |a urn:nbn:sk:snk-abf567 
035 |a (urnnbn)urn:nbn:sk:snk:ar-007hun 
038 |a SNKBUCL 
040 |a SNKBUCL  |b slo  |c SNKBUCL  |e AACR2 
041 0 |a slo 
044 |a xo  |c SK 
080 |a 625.7/.8-051  |2 2001 
080 |a 656-051  |2 2001 
080 |a 37-051  |2 2001 
080 |a 929 Medelská, Viera  |2 2001 
100 1 |a Bohunický, Milan  |4 aut  |4 ivr  |9 267639 
245 1 0 |a Dobré riešenia sa nedajú vysypať z rukáva  |c Milan Bohunický 
246 3 1 |a Viera Medelská: Good solutions can not just by dashed off 
300 |b Fotogr. 
546 |a Angl. názov článku uvedený v obsahu 
600 1 7 |a Medelská, Viera,  |d 1930-2008  |2 snkbucl  |9 116601 
700 1 |a Medelská, Viera,  |d 1930-2008  |4 aut  |9 116601 
773 0 |t Inžinierske stavby = Inženýrské stavby  |g Roč. 56, č. 2 (2008), s. 28-29  |x 1335-0846 
850 |a Slovenská národná knižnica 
852 |a Slovenská národná knižnica 
954 |a odborná, vedecká literatúra pôvodná (slovenská)  |2 lita 
958 |a article2022 
958 |a SK 
958 |a BX 
958 |a OND 
958 |a EUIPO 
999 |c 2942339  |d 2944269